LIBRARY & INFORMATION CENTRE, KCAET, TAVANUR

ONLINE PUBLIC ACCESS CATALOGUE (OPAC)

Bentham`s theory of fictions / (Record no. 5358)

MARC details
000 -LEADER
fixed length control field 00351cam a2200145ua 4500
041 ## - LANGUAGE CODE
Language code of text/sound track or separate title eng
082 ## - DEWEY DECIMAL CLASSIFICATION NUMBER
Classification number 828.09
Item number OGD/BE
100 ## - MAIN ENTRY--AUTHOR NAME
Personal name Oyden, C K .
245 ## - TITLE STATEMENT
Title Bentham`s theory of fictions /
260 ## - PUBLICATION, DISTRIBUTION, ETC. (IMPRINT)
Place of publication London :
Name of publisher Kegen paul ,
Year of publication 1932.
300 ## - PHYSICAL DESCRIPTION
Number of Pages 161 ; .
942 ## - ADDED ENTRY ELEMENTS (KOHA)
Koha item type Books
Holdings
Withdrawn status Lost status Damaged status Home library Current library Date acquired Cost, normal purchase price Full call number Accession Number Koha item type Public note
Withdrawn     KAUAET Sanskrit University 07/04/2012 30.00 828.09 6860 Books Transferred to Sanskrit University
free website counter